Chillán Viejo: llave del reino y cuna de la patria
-д хадгалсан:
| Үндсэн зохиолч: | |
|---|---|
| Формат: | Ном |
| Хэл сонгох: | испани |
| Хэвлэсэн: |
Concepción, Chile
Pencopolitana
2008
|
| Цуврал: | Biblioteca Ceres
|
| Нөхцлүүд: | |
| Шошгууд: |
Шошго нэмэх
Шошго байхгүй, Энэхүү баримтыг шошголох эхний хүн болох!
|
MARC
| LEADER | 00000nam a2200000 a 4500 | ||
|---|---|---|---|
| 001 | UCG1081 | ||
| 003 | CL-VaPUC | ||
| 005 | 20200624183458.0 | ||
| 008 | 100422e20080000CL |||||||||||||||||spa|d | ||
| 999 | |c 340535 |d 340533 | ||
| 020 | |a 9789568524036 | ||
| 040 | |c Pontificia Universidad Católica de Valparaíso | ||
| 082 | 0 | 4 | |a 983.8338 PED 2008 |2 21 |
| 100 | 0 | |a Pedrero Leal, Marcial |e author |9 548827 | |
| 245 | 1 | 0 | |a Chillán Viejo: |b llave del reino y cuna de la patria |
| 260 | |a Concepción, Chile |b Pencopolitana |c 2008 | ||
| 300 | |a 369 páginas | ||
| 490 | 0 | |a Biblioteca Ceres | |
| 583 | |a last modification |c 20100422 00:00:00 |k Rodrigo Vera | ||
| 650 | 7 | |a HISTORIA DE CHILLAN |2 CL-VaPUC |9 548828 |y SIGLOS 18-20 | |
| 650 | 7 | |a HISTORIA DE CHILE |2 CL-VaPUC |9 548829 |y SIGLOS 18-20 |z CHILLAN | |
| 852 | |a BIBCUR | ||
| 942 | |c BK |2 ddc | ||
| 945 | |d 20100422 00:00:00 |a rbrito | ||
| 952 | |0 0 |1 0 |2 ddc |4 0 |6 983_833800000000000_PED_2008 |7 0 |8 A |9 435343 |a BIBHIS |b BIBHIS |d 2019-11-22 |i 4664949 |o 983.8338 PED 2008 |p 4664949 |r 2025-01-20 |t 1 |w 2019-11-22 |y BK |k HIS | ||